header

Donation of Constantine and Constitutum Constantini (Record no. 213088)

MARC details
000 -LEADER
fixed length control field 01554nam a2200349Ia 4500
100 1# - MAIN ENTRY--AUTHOR NAME
Personal name Fried, Johannes.
245 10 - TITLE STATEMENT
Title Donation of Constantine and Constitutum Constantini
260 ## - PUBLICATION, DISTRIBUTION, ETC. (IMPRINT)
Place of publication Berlin ;
-- New York :
Name of publisher Walter de Gruyter,
Year of publication c2007.
300 ## - PHYSICAL DESCRIPTION
Number of Pages 201 p. :
Other physical details ill., maps.
490 0# - SERIES STATEMENT
Series statement Millennium-Studien ;
650 #0 - SUBJECT ADDED ENTRY--TOPICAL TERM
Topical Term Church and state
Topical Term Rescripts (Roman law)
700 1# - ADDED ENTRY--PERSONAL NAME
Personal name Brandes, Wolfram.
856 40 - ELECTRONIC LOCATION AND ACCESS
Uniform Resource Identifier http://site.ebrary.com/lib/rucke/Doc?id=10597516

No items available.

© 2026 Rongo University
Contact us: librarian | system librarian | Rongo university